000 00949nam a2200265 a 4500
005 20070125103529.0
008 060623s2008 maua b 001 0 eng
010 _aENG-91192
020 _a9780070262171
_c450.00
020 _a0070262179
035 _aEN-74725
037 _bDBAD / PUB
040 _adpl
_bEnglish
082 _a621.4021
100 _aÇengel, Yunus A.
245 _aThermodynamics :
_ban engineering approach SI units /
_cby Yunus A. Çengel [and] Michael A. Boles.
250 _a6th ed.
260 _aNew Delhi
_bTata McGraw-Hill Publishing
_c2008.
300 _axxv, 943p. :
_bill. ;
_c27 cm. (pbk)
504 _aIncludes index.
650 _aThermodynamics.
700 _aBoles, Michael A.
942 _2ddc
_cEN
_h621.4021
_mCEN
999 _c16312
_d16312